000 00422pab a2200169 454500
008 180718b1983 xxu||||| |||| 00| 0 eng d
100 _aVenkataraman, Subha
245 _aWhat Makes a good manager
_bProfessional's view point
260 _c1983
300 _a7-9
362 _aSept.
650 _aExecutives - India
700 _aFreida Soares
700 _aG.K. Valecha
773 _aIndian Management
909 _a7910
999 _c7910
_d7910